| 000 | 00739nam a2200181Ia 4500 | ||
|---|---|---|---|
| 008 | 151018s9999 xx 000 0 und d | ||
| 082 |
_bRBASDV45904 _a491.43 |
||
| 100 | _aहिरालाल बाधेतीया | ||
| 245 | _aराजभाषा हिंदी और उसका विकास | ||
| 250 | _b1 | ||
| 260 |
_bआर्य प्रकाशन मंडळ _c2008 |
||
| 300 | _a134 | ||
| 600 | _aहिरालाल बाधेतीया | ||
| 630 | _aराजभाषा हिंदी और उसका विकास | ||
| 700 | _aहिरालाल बाधेतीया | ||
| 730 | _aराजभाषा हिंदी और उसका विकास | ||
| 942 | _cBOOK | ||
| 999 |
_c1045080 _d1045077 |
||